000 00215nam a22000857a 4500
008 161121b xxu||||| |||| 00| 0 eng d
100 _91293
_aBPI INDIA
245 _aThe Lazy Hedgehog
260 _aNew delhi
_bBPI India
_c2011
999 _c3997
_d3997